Autism (Record no. 11187)
[ view plain ]
| 000 -LEADER | |
|---|---|
| fixed length control field | 03433cam a2200373Ia 4500 |
| 001 - CONTROL NUMBER | |
| control field | CRC00E68814PDF |
| 003 - CONTROL NUMBER IDENTIFIER | |
| control field | BD-DhSAU |
| 005 - DATE AND TIME OF LATEST TRANSACTION | |
| control field | 20151012144300.0 |
| 006 - FIXED-LENGTH DATA ELEMENTS--ADDITIONAL MATERIAL CHARACTERISTICS | |
| fixed length control field | m|||||o||d|||||||| |
| 007 - PHYSICAL DESCRIPTION FIXED FIELD--GENERAL INFORMATION | |
| fixed length control field | cr|||| |
| 008 - FIXED-LENGTH DATA ELEMENTS--GENERAL INFORMATION | |
| fixed length control field | 090612s2010 flua sb 001 0 eng d |
| 020 ## - INTERNATIONAL STANDARD BOOK NUMBER | |
| International Standard Book Number | 9781420068870 (ebook : PDF) |
| 040 ## - CATALOGING SOURCE | |
| Original cataloging agency | BD-DhSAU |
| Transcribing agency | BD-DhSAU |
| 090 ## - LOCALLY ASSIGNED LC-TYPE CALL NUMBER (OCLC); LOCAL CALL NUMBER (OCLC) | |
| Classification number (OCLC) (R) ; Classification number, CALL (RLIN) (NR) | RC553.A88 |
| Local cutter number (OCLC) ; Book number/undivided call number, CALL (RLIN) | A8726 2010 |
| 092 ## - LOCALLY ASSIGNED DEWEY CALL NUMBER (OCLC) | |
| Classification number | 616.85882 |
| Item number | A939 |
| 245 00 - TITLE STATEMENT | |
| Title | Autism |
| Medium | [electronic resource] : |
| Remainder of title | oxidative stress, inflammation, and immune abnormalities / |
| Statement of responsibility, etc. | edited by Abha Chauhan, Ved Chauhan, and Ted Brown. |
| 260 ## - PUBLICATION, DISTRIBUTION, ETC. (IMPRINT) | |
| Place of publication, distribution, etc. | Boca Raton, Fla. : |
| Name of publisher, distributor, etc. | Taylor & Francis, |
| Date of publication, distribution, etc. | 2010. |
| 300 ## - PHYSICAL DESCRIPTION | |
| Extent | xxiii, 427 p. : |
| Other physical details | ill. |
| 504 ## - BIBLIOGRAPHY, ETC. NOTE | |
| Bibliography, etc | Includes bibliographical references and index. |
| 505 0# - FORMATTED CONTENTS NOTE | |
| Formatted contents note | Type, topography, and sequelae of neuropathological changes shaping clinical phenotype of autism / Jerzy Wegiel ... [et al.] -- Evidence for oxidative damage in the autistic brain / Teresa A. Evans ... [et al] -- Oxidative stress and neurotrophin signaling in autism / Elizabeth M. Sajdel-Sulkowska -- Genetics of autism / W. Ted Brown -- The phenotypic expression of autism, maternal depression, and the monoamine oxidase-a gene / Ira L. Cohen -- Paraoxonase 1 status, environmental exposures, and oxidative stress in autism spectrum disorders / Maria Dronca and Sergiu P. Pasca -- The redox/methylation hypothesis of autism : a molecular mechanism for heavy metal-induced neurotoxicity / Richard C. Deth -- Autism and oxidative stress : evidence from an animal model / Michelle A. Cheh ... [et al.] -- Neurotoxic brainstem impairment as proposed threshold event in autistic regression / Woody R. McGinnis ... [et al.] -- Abnormalities in membrane lipids, membrane-associated proteins, and signal transduction in autism / Ved Chauhan and Abha Chauhan -- Mitochondrial component of calcium signaling abnormality in autism / J. Jay Gargus -- |
| 505 0# - FORMATTED CONTENTS NOTE | |
| Formatted contents note | Inflammation and neuroimmunity in the pathogenesis of autism : neural and immune network interactions / Carlos A. Pardo-Villamizar and Andrew W. Zimmerman -- Possible impact of innate immunity on autism / Harumi Jyonouchi -- Autism, gastrointestinal disturbance, and immune dysfunction : what is the link? / Paul Ashwood, Amanda Enstrom, and Judy van de Water -- Possible mechanism involving intestinal oxytocin, oxidative stress, and signaling pathways in a subset of autism with gut symptoms / Martha G. Welch and Benjamin Y. Klein -- Cytokine polymorphisms in autism : their role in immune alterations / Fabi�an Crespo ... [et al.] -- Autism, teratogenic alleles, HLA-DR4, and immune function / William G. Johnson ... [et al.] -- Autism : the centrality of active pathophysiology and the shift from static to chronic dynamic encephalopathy / Martha R. Herbert -- A re-evaluation of the state of autism treatment : the need for a biopsychosocial perspective / Eric London. |
| 530 ## - ADDITIONAL PHYSICAL FORM AVAILABLE NOTE | |
| Additional physical form available note | Also available in print edition. |
| 538 ## - SYSTEM DETAILS NOTE | |
| System details note | Mode of access: World Wide Web. |
| 650 #0 - SUBJECT ADDED ENTRY--TOPICAL TERM | |
| Topical term or geographic name as entry element | Autism |
| General subdivision | Pathophysiology. |
| 650 #0 - SUBJECT ADDED ENTRY--TOPICAL TERM | |
| Topical term or geographic name as entry element | Oxidative stress. |
| 650 #0 - SUBJECT ADDED ENTRY--TOPICAL TERM | |
| Topical term or geographic name as entry element | Inflammation. |
| 650 #0 - SUBJECT ADDED ENTRY--TOPICAL TERM | |
| Topical term or geographic name as entry element | Neuroimmunology. |
| 655 #7 - INDEX TERM--GENRE/FORM | |
| Genre/form data or focus term | Electronic books. |
| Source of term | lcsh |
| 700 1# - ADDED ENTRY--PERSONAL NAME | |
| Personal name | Chauhan, Abha, |
| Dates associated with a name | 1957- |
| 700 1# - ADDED ENTRY--PERSONAL NAME | |
| Personal name | Chauhan, Ved. |
| 700 1# - ADDED ENTRY--PERSONAL NAME | |
| Personal name | Brown, Ted, |
| Dates associated with a name | 1946- |
| 776 1# - ADDITIONAL PHYSICAL FORM ENTRY | |
| International Standard Book Number | 9781420068818 |
| 856 40 - ELECTRONIC LOCATION AND ACCESS | |
| Uniform Resource Identifier | <a href="http://marc.crcnetbase.com/isbn/9781420068870">http://marc.crcnetbase.com/isbn/9781420068870</a> |
| Electronic format type | application/PDF |
No items available.
